Winning Habits/ (Record no. 76066)

MARC details
000 -LEADER
fixed length control field 00728nam a22002177a 4500
005 - DATE AND TIME OF LATEST TRANSACTION
control field 20140210170509.0
010 ## - LCCN (DPL NO)
LC control number B-506594-595
020 ## - INTERNATIONAL STANDARD BOOK NUMBER
International Standard Book Number 9788131710289
Terms of availability 199.00
035 ## - SYSTEM CONTROL NUMBER
System control number B-506594-595
037 ## - SOURCE OF ACQUISITION
Stock number KKP/Ven
082 ## - DEWEY DECIMAL CLASSIFICATION NUMBER
Classification number 796.019
100 ## - MAIN ENTRY--PERSONAL NAME
Personal name Bam,B.P.
245 ## - TITLE STATEMENT
Title Winning Habits/
Statement of responsibility, etc by B.P.Bam
246 ## - VARYING FORM OF TITLE
Title proper/short title Winning Habits
260 ## - PUBLICATION, DISTRIBUTION, ETC. (IMPRINT)
Place of publication, distribution, etc Delhi
Name of publisher, distributor, etc Pearson Education
Date of publication, distribution, etc 20?
270 ## - ADDRESS
Address 7th Floor, Knowledge Boulevard, A-8(A), Sec-62
City Noida
Postal code 201309
300 ## - PHYSICAL DESCRIPTION
Extent 226p.
Dimensions 21 cm (pbk)
500 ## - GENERAL NOTE
General note .
942 ## - ADDED ENTRY ELEMENTS (KOHA)
Source of classification or shelving scheme Dewey Decimal Classification
Item type English Books
Call number suffix BAM
Classification part 796.019
Holdings
Withdrawn status Lost status Not for loan Collection code Home library Current library Date acquired Source of acquisition Cost, normal purchase price Full call number Barcode Copy number Cost, replacement price Koha item type
  Written-off vide DLB M. No. 383 dt 16.05.19   Non-fiction Sarojini Nagar Sarojini Nagar 27/05/2013 KKP/BL3018/19.3.13/172/19.3.13/22.3.13 199.00 796.019 BAM B-506594 1 199.00 English Books
    Not For Loan Reference South Zone Lib (REF) South Zone Lib (REF) 27/05/2013 KKP/BL3018/19.3.13/172/19.3.13/22.3.13 199.00 796.019 BAM B-506595 1 199.00 English Books

© Delhi Public Library
Hit Counter
free hit counter